00257 a2200109 450000100060000008200170000610000240002324500420004726000350008930000120012450000110013655516 a155.9042 SEA aSeaward, Brian Luke aEssentials of managing stress with CD aBostonbJones & Bartlettc2006 ewith CD aCD/DVD